<?xml version="1.0" encoding="UTF-8"?>
<collection xmlns="http://www.loc.gov/MARC21/slim">
    <record>
        <controlfield tag="001">71653</controlfield>
        <controlfield tag="005">20180822112447.0</controlfield>
        <datafield tag="037" ind1=" " ind2=" ">
            <subfield code="a">GDOC-2017-26009</subfield>
        </datafield>
        <datafield tag="041" ind1=" " ind2=" ">
            <subfield code="a">spa</subfield>
        </datafield>
        <datafield tag="041" ind1=" " ind2=" ">
            <subfield code="a">eng</subfield>
        </datafield>
        <datafield tag="100" ind1=" " ind2=" ">
            <subfield code="0">''</subfield>
            <subfield code="1">628002</subfield>
            <subfield code="a">ISABEL LAMIQUIZ, MONEO</subfield>
        </datafield>
        <datafield tag="245" ind1="0" ind2="0">
            <subfield code="9">26009</subfield>
            <subfield code="a">Sociología aplicada a la discapacidad</subfield>
        </datafield>
        <datafield tag="242" ind1="0" ind2="0">
            <subfield code="9">26009</subfield>
            <subfield code="a">Sociology applied to disability</subfield>
        </datafield>
        <datafield tag="260" ind1=" " ind2=" ">
            <subfield code="a">Zaragoza</subfield>
            <subfield code="b">Universidad de Zaragoza</subfield>
            <subfield code="c">2017-2018</subfield>
        </datafield>
        <datafield tag="520" ind1=" " ind2=" ">
            <subfield code="a">Breve presentación de la asignatura
La asignatura denominada Sociología aplicada a la Discapacidad pertenece a la materia de Sociología, de formación básica de otras ramas de conocimiento, de carácter obligatorio y anual. Se imparte en el 2º curso. Su carga lectiva es de 6 créditos ECTS.
Presenta una relación longitudinal con las asignaturas de Sociología de la Salud, Psicología I, Técnicas de Liderazgo, y Sociología de la Exclusión Social. Y tiene una relación transversal con las asignaturas de formación básica y de formación obligatoria del 2º curso.</subfield>
        </datafield>
        <datafield tag="521" ind1=" " ind2=" ">
            <subfield code="9">109</subfield>
            <subfield code="a">Graduado en Terapia Ocupacional</subfield>
            <subfield code="b">Degree in Occupational Therapy</subfield>
        </datafield>
        <datafield tag="540" ind1=" " ind2=" ">
            <subfield code="a">by-nc-sa</subfield>
            <subfield code="b">Creative Commons</subfield>
            <subfield code="c">3.0</subfield>
            <subfield code="u">http://creativecommons.org/licenses/by-nc-sa/3.0/</subfield>
        </datafield>
        <datafield tag="830" ind1=" " ind2=" ">
            <subfield code="9">276</subfield>
        </datafield>
        <datafield tag="856" ind1="4" ind2=" ">
            <subfield code="s">14643</subfield>
            <subfield code="u">http://zaguan.unizar.es/record/71653/files/guia-26009-en.pdf</subfield>
            <subfield code="y">Guide (english)</subfield>
        </datafield>
        <datafield tag="856" ind1="4" ind2=" ">
            <subfield code="s">22856</subfield>
            <subfield code="u">http://zaguan.unizar.es/record/71653/files/guia-26009-es.pdf</subfield>
            <subfield code="y">Guía (idioma español)</subfield>
        </datafield>
        <datafield tag="970" ind1=" " ind2=" ">
            <subfield code="a">GDOC-2017-26009</subfield>
        </datafield>
        <datafield tag="980" ind1=" " ind2=" ">
            <subfield code="a">GDOC</subfield>
            <subfield code="b">Ciencias de la Salud</subfield>
            <subfield code="b">Health Sciences</subfield>
            <subfield code="c">127</subfield>
        </datafield>
    </record>

    
</collection>